| 000 | 01309nam a22003137a 4500 | ||
|---|---|---|---|
| 005 | 20170714100910.0 | ||
| 010 | _a1516ENO7 ENG-114951 | ||
| 020 |
_a9789332549821 _c450.00 |
||
| 020 |
_a9789332549821 _c529.00 (AV) |
||
| 035 | _aB-613565-587 | ||
| 035 | _aEN-98483 | ||
| 035 | _aB-668027 | ||
| 037 |
_aDPL _bTechniz |
||
| 037 | _bDBAD/PUB | ||
| 082 | _a371.26 | ||
| 100 | _aThorndike, Robert M. | ||
| 245 |
_aMeasurement and evaluation in psychology and education / _cby Robert M. Thorndike [and] Tracy M.Thorndike-Christ |
||
| 250 | _a8th ed | ||
| 260 |
_aNoida _bPearson Education _c2015 |
||
| 270 |
_a7th Floor,Knowledge Boulevard,A-8(A) Sector-62, _bNoida _e201309 |
||
| 300 |
_a422p.: _bill. _c24cm(pbk) |
||
| 500 | _aIncludes bibliographical references and index | ||
| 650 | _aEducational tests and measurements. | ||
| 650 | _aPsychological tests for children. | ||
| 700 | _aThorndike-Christ,Tracy M. | ||
| 942 |
_2ddc _cEN _h371.26 _mTHO |
||
| 999 |
_c95808 _d95808 |
||